000 00913nam a2200301 i 4500
001 18002
003 ES-MaACL
005 20230906151733.0
007 t|
008 010807s2000 sp ||||0| spa j
020 _a84-7765-184-1
040 _aM-BN
_bspa
_cM-BN
080 _a929 Mailer, Adele
080 _a929 Mailer, Norman
100 1 _aMailer, Adele.
_975571
245 1 3 _aLa última fiesta
_b: escenas de mi vida con Norman Mailer /
_cAdele Mailer ; traducción de Beatriz López-Buisán.
250 _a1ª ed.
260 _aBarcelona :
_bCirce,
_c2000.
300 _a353 p., [8] p. de lám ;
_c21 cm.
490 1 _aTestimonio Circe
600 1 4 _aMailer, Norman.
_975572
600 1 4 _aMailer, Adele.
_975571
700 1 _aLópez-Buisán, Beatriz.
_973472
830 0 _aTestimonio Circe
_9190200
852 _aES-MaACL
_jL-24796
_bR.130188
999 _c18002
_d18002